<?xml version="1.0" encoding="UTF-8"?>
<record
    xmlns:xsi="http://www.w3.org/2001/XMLSchema-instance"
    xsi:schemaLocation="http://www.loc.gov/MARC21/slim http://www.loc.gov/standards/marcxml/schema/MARC21slim.xsd"
    xmlns="http://www.loc.gov/MARC21/slim">

  <leader>01214nam a2200265 i 4500</leader>
  <controlfield tag="001">bg</controlfield>
  <datafield tag="245" ind1="0" ind2="0">
    <subfield code="a">Kodeks przepis&#xF3;w federalnych USA o ochronie &#x15B;rodowiska =</subfield>
    <subfield code="b">Code of federal regulations of the USA protection of environment /</subfield>
    <subfield code="c">wst&#x119;p i t&#x142;. [z ang.] Kazimierza R&#xF3;wnego.</subfield>
  </datafield>
  <datafield tag="246" ind1="1" ind2="1">
    <subfield code="a">Code of federal regulations of the USA protection of environment</subfield>
  </datafield>
  <datafield tag="250" ind1=" " ind2=" ">
    <subfield code="a">Stan w dniu 1 stycznia 1997.</subfield>
  </datafield>
  <datafield tag="260" ind1=" " ind2=" ">
    <subfield code="a">Bia&#x142;ystok :</subfield>
    <subfield code="b">Dzia&#x142; Wydawnictw i Poligrafii PB,</subfield>
    <subfield code="c">1997.</subfield>
  </datafield>
  <datafield tag="300" ind1=" " ind2=" ">
    <subfield code="a">XXII, 89 s. ;</subfield>
    <subfield code="c">23 cm.</subfield>
  </datafield>
  <datafield tag="490" ind1="1" ind2=" ">
    <subfield code="a">Studia i Materia&#x142;y / Politechnika Bia&#x142;ostocka. Katedra Ekonomiki i Zarz&#x105;dzania Ochron&#x105; &#x15A;rodowiska</subfield>
  </datafield>
  <datafield tag="500" ind1=" " ind2=" ">
    <subfield code="a">Tekst r&#xF3;wnol. w j&#x119;z. pol. i ang.</subfield>
  </datafield>
  <datafield tag="650" ind1=" " ind2="9">
    <subfield code="a">&#x15A;rodowisko cz&#x142;owieka</subfield>
    <subfield code="x">prawo</subfield>
    <subfield code="z">Stany Zjednoczone</subfield>
    <subfield code="y">stan na 1997 r.</subfield>
  </datafield>
  <datafield tag="700" ind1="1" ind2=" ">
    <subfield code="a">R&#xD3;WNY, Kazimierz.</subfield>
    <subfield code="e">Przedm.</subfield>
  </datafield>
  <datafield tag="710" ind1="0" ind2=" ">
    <subfield code="a">POLITECHNIKA BIA&#x141;OSTOCKA</subfield>
    <subfield code="b">Katedra Ekonomiki i Zarz&#x105;dzania Ochron&#x105; &#x15A;rodowiska</subfield>
  </datafield>
  <datafield tag="830" ind1=" " ind2="0">
    <subfield code="a">Studia i Materia&#x142;y (Politechnika Bia&#x142;ostocka. Katedra Ekonomiki i Zarz&#x105;dzania Ochron&#x105; &#x15A;rodowiska)</subfield>
  </datafield>
  <datafield tag="020" ind1=" " ind2=" ">
    <subfield code="a">8386272627</subfield>
  </datafield>
  <datafield tag="040" ind1=" " ind2=" ">
    <subfield code="c">BPK</subfield>
  </datafield>
  <datafield tag="041" ind1="1" ind2=" ">
    <subfield code="a">enpl</subfield>
    <subfield code="h">enen</subfield>
  </datafield>
  <datafield tag="080" ind1=" " ind2=" ">
    <subfield code="a">349.6(73)"1997"</subfield>
  </datafield>
  <datafield tag="920" ind1=" " ind2=" ">
    <subfield code="a">83-86272-62-7</subfield>
  </datafield>
  <datafield tag="942" ind1=" " ind2=" ">
    <subfield code="c">KS</subfield>
  </datafield>
  <controlfield tag="008">      s        pl     f     |000 0 pol  </controlfield>
  <datafield tag="999" ind1=" " ind2=" ">
    <subfield code="c">32778</subfield>
    <subfield code="d">32778</subfield>
  </datafield>
  <datafield tag="856" ind1=" " ind2=" ">
    <subfield code="u">http://koha.tu.koszalin.pl/cgi-bin/koha/opac-detail.pl?biblionumber=32778</subfield>
    <subfield code="y">Katalog online BPK</subfield>
  </datafield>
  <datafield tag="952" ind1=" " ind2=" ">
    <subfield code="0">0</subfield>
    <subfield code="1">0</subfield>
    <subfield code="4">0</subfield>
    <subfield code="7">1</subfield>
    <subfield code="a">BPK</subfield>
    <subfield code="b">BPK</subfield>
    <subfield code="c">c</subfield>
    <subfield code="o">42284</subfield>
    <subfield code="p">01317855</subfield>
    <subfield code="t">349.6 Po&#x15B;</subfield>
    <subfield code="y">KS</subfield>
  </datafield>
</record>
